Представление документа в формате RUSMARC

ПолеНазваниеЗначение
  Тип записи a
  Библиографический уровень m
001 Контрольный номер RU/SLIB/B/208759584
005 Дата корректировки 20240625161720.4
010 Индекс ISBN __
a ISBN 5-09-001069-2
d Цена 135-24; 7-00
100 Данные общей обработки __
a Данные общей обработки 20240625d1991 m y0rusy028902 ca
101 Язык документа 0_
a Язык текста rus
102 Страна публикации __
a Страна публикации RU
105 Кодированные данные (монография) __
a Кодированные данные (монография) y z 000zy
181 Поле кодированных данных: вид содержания _0
a Код вида содержания (ISBD) i
182 Поле кодированных данных: тип средства _0
a Код типа средства (ISBD) n
200 Заглавие и сведения об ответственности 1_
a Заглавие Путешествие к истокам русского книгопечатания
e Сведения, относящиеся к заглавию кн. для учащихся
f Первые сведения об ответственности Е. Л. Немировский
203 Вид содержания и тип средства __
a Вид содержания Текст
c Тип средства непосредственный
210 Выходные данные 1_
a Место издания М.
c Издательство Просвещение
d Дата издания 1991
215 Физическое описание __
a Объем 224 с.
330 Аннотация __
a Аннотация В книге рассказывается о величайшем просветителе прошлого нашей Родины, основателе первой на Руси типографии, издателе книг на родном языке Иване Федорове. Для широкого круга.
600 Персоналии _1
a Персоналии (Фамилия) Федоров, И.
g Полное имя Иван
2 Код системы nlr_sh
606 Тематические рубрики __
a Основная рубрика Книжное дело
y Географическая подрубрика Россия
2 Код системы nlr_sh
606 Тематические рубрики __
a Основная рубрика Общее книговедение
2 Код системы nlr_sh
610 Ключевые слова 0_
a Ключевые слова книгопечатание; просветители; типографии; издатели; первопечатники; книгохранилища; персоналии
686 Индексы других классификаций __
a Классификационный индекс 76.1д; ст76.1
2 Код системы rubbks
700 Автор _1
a Фамилия Немировский
b Имя Е. Л.
g Полное личное имя Евгений Львович
4 Код отношения 070
f Даты 1925-2020
801 Источник записи _0
a Страна RU
b Организация Муниципальное бюджетное учреждение культуры "Централизованная библиотечная система" г. Сургут (Центральная городская библиотека им. А. С. Пушкина)
g Правила каталогизации PSBO
c Дата составления 20041228
801 Источник записи _1
a Страна RU
b Организация Муниципальное бюджетное учреждение культуры "Централизованная библиотечная система" г. Сургут (Центральная городская библиотека им. А. С. Пушкина)
g Правила каталогизации PSBO
c Дата составления 20041228
852 Данные о местонахождении __
j Шифр хранения 76.1д
c Каталожный индекс 76.17
i Авторский знак Н 50
p Инвентарный номер 05010313; 45217
901 Тип документа __
t Тип документа m
a Ответственный КиК/Уланова
901 Тип документа __
a Ответственный СКБР2024
903 Характеристики (МАРС) __
a Дата передачи 20041228
c Наименование библиотеки (МАРС) Муниципальное бюджетное учреждение культуры "Централизованная библиотечная система" г. Сургут (Центральная городская библиотека им. А. С. Пушкина)
990 Данные о заказе (DOS) __
j Количество экземпляров (DOS) 3
t N записи в КСУ для И/У (DOS) 200501